Rzadkie Flagi - Statystyki

Ogólne statystyki
  • Ten quiz został rozwiązany 54 razy
  • Średni wynik to 3 z 8
Statystyki odpowiedzi
Obrazkowy Odpowiedź % Poprawnych
Waszyngton
86%
Abchazja
78%
Moskwa
70%
Kaszmir
30%
Kraj Zabajkalski
14%
Antarktyda
11%
Morawy
11%
Częstochowa
8%
Nie znaleziono quizów pasujących do podanych kryteriów
Rozkład punktacji
Procent ludzi z każdym wynikiem
Percentyl według liczby udzielonych odpowiedzi
Twoja historia wyników
Nie rozwiązałeś tego quizu